000 00284nam a22001337a 4500
008 181016b xxu||||| |||| 00| 0 eng d
020 _a9780195112566
041 _aeng
080 _a316
100 _a50
101 _aSOC
245 _aSafe Passage
_cDryfoos,J.G
942 _2udc
_cBK
999 _c49888
_d49888